1411 1654 1159 1040 1109 1328 1792 1651 1261 1794 1440 1689 1094 1369 1211 1842 1071 1226 1182 1625 1575 1306 1225 1180 1048 1366 1803 1587 1528 1096 1324 1361 1434 1626 1854 1909 1203 1796 1171 1915 1951 1709 1336 1651 1252 1603 1686 1973 1551 1737 1848 1834 1859 1480 1606 1251 1676 1310 1257 1876 1709 1086 1442 1515 1656 1398 1896 1555 1861 1786 1430 1023 1998 1117 1294 1764 1472 1398 1909 1907 1164 1067 1536 1815 1658 1864 1639 1193 1220 1892 1305 1517 1505 1691 1828 1978 1903 1051 1667 BCNSPRNW ULIB Ver.6.0+V

เปลี่ยนเป็นภาษาไทย

Change to English
 แสดงรายละเอียดบรรณานุกรม
  กลับหน้าหลัก

Brief Record : Get Marc (ISO 2709) : E-mail record : QR code < ปิดหน้าต่าง
LEADER : 00000nam 2200000uu 4500
001    13399115114
003     ULIB
008    120710s2549||||th 000 0 tha d
020    ^a9789749869642
050 04 ^aAG196^bน625W 2549
100 0  ^aนิภาพัชร์ ปิ่นสุวรรณ
245 10 ^aWhen? รู้รอบเหตุการณ์สำคัญของโลก /^cนิภาพัชร์ ปิ่นสุวรรณ
250    ^aพิมพ์ครั้งที่ 1
260    ^aกรุงเทพฯ :^bอักษรเจริญทัศน์,^c2549
300    ^a191 หน้า :^bภาพประกอบ
440  0 ^aหนังสือเสริมการเรียนรู้ ชุด สรรพ์สาระของโลก
650  7 ^aเหตุการณ์ของโลก
650  7 ^aประวัติศาสตร์โลก
945    ^p0^l0^i24861
995    ^aกัณชพร
999    ^aใช้งานได้ทุกระบบ
รายการนี้ยังไม่มีแท็ก
คุณยังไม่ได้ล็อกอิน คุณสามารถมีกิจกรรมร่วมกับเว็บไซต์ได้ แต่ต้องล็อกอินก่อน ::
  ล็อกอิน

รายการสื่อสารสนเทศ

ลำดับที่ ประเภท เลขเรียก/บาร์โค้ด สถานที่ สถานะ
- ไม่พบข้อมูล -

รายการใกล้เคียง
    ผู้แต่ง [นิภาพัชร์ ปิ่นสุวรรณ]

    หัวเรื่อง [เหตุการณ์ของโลก]
    หัวเรื่อง [ประวัติศาสตร์โลก]

BibComment


ยังไม่เคยถูกคอมเมนท์

คอมเมนท์ทรัพยากรรายการนี้
  คอมเมนท์: When รู้รอบเหตุก..

สมาชิกที่บันทึกรายการนี้ไว้ในรายการโปรด
จิรวรรณ พวงสมบัติ

 Copyright 2026. Bcnsprnw @Library